Wildlife population growth rates (Record no. 7271)

MARC details
000 -LEADER
fixed length control field 01513cam a22003614a 4500
001 - CONTROL NUMBER
control field 13056754
003 - CONTROL NUMBER IDENTIFIER
control field OSt
005 - DATE AND TIME OF LATEST TRANSACTION
control field 20210922125124.0
008 - FIXED-LENGTH DATA ELEMENTS--GENERAL INFORMATION
fixed length control field 030114s2003 nyua b 001 0 eng
010 ## - LIBRARY OF CONGRESS CONTROL NUMBER
LC control number 2003041953
020 ## - INTERNATIONAL STANDARD BOOK NUMBER
International Standard Book Number 052182608X
020 ## - INTERNATIONAL STANDARD BOOK NUMBER
International Standard Book Number 0521533473 (pbk.)
040 ## - CATALOGING SOURCE
Original cataloging agency DLC
Transcribing agency DDC
Modifying agency DLC
042 ## - AUTHENTICATION CODE
Authentication code pcc
050 00 - LIBRARY OF CONGRESS CALL NUMBER
Classification number QL752
Item number .W523 2003
082 00 - DEWEY DECIMAL CLASSIFICATION NUMBER
Classification number 591.788WIL 2003
100 ## - MAIN ENTRY--PERSONAL NAME
Personal name Sibly R.M. ; Hone J. ; Clutton-Brock T.H.;
9 (RLIN) 14923
245 00 - TITLE STATEMENT
Title Wildlife population growth rates
Statement of responsibility, etc. Edited by Sibly R.M. ; Hone J. and Clutton-Brock T.H.;
260 ## - PUBLICATION, DISTRIBUTION, ETC. (IMPRINT)
Place of publication, distribution, etc. New York :
Name of publisher, distributor, etc. Cambridge University Press,
Date of publication, distribution, etc. 2003.
300 ## - PHYSICAL DESCRIPTION
Extent viii,362p.
Other physical details ill;
Dimensions 24cm.
500 ## - GENERAL NOTE
General note "First published as Population growth rate: determining factors and role in population regulation, Philosophical Transactions of The Royal Society, B, vol. 357, no. 1425, pp. 1147-1320."
504 ## - BIBLIOGRAPHY, ETC. NOTE
Bibliography, etc Includes; references and index.
650 #0 - SUBJECT ADDED ENTRY--TOPICAL TERM
Topical term or geographic name as entry element Biology
9 (RLIN) 5602
700 1# - ADDED ENTRY--PERSONAL NAME
Personal name Sibly, R. M.
9 (RLIN) 14925
700 1# - ADDED ENTRY--PERSONAL NAME
Personal name Hone, Jim.
9 (RLIN) 14927
700 1# - ADDED ENTRY--PERSONAL NAME
Personal name Clutton-Brock, T. H.
9 (RLIN) 14929
710 2# - ADDED ENTRY--CORPORATE NAME
Corporate name or jurisdiction name as entry element Royal Society (Firm)
9 (RLIN) 14931
856 41 - ELECTRONIC LOCATION AND ACCESS
Materials specified Table of contents
Uniform Resource Identifier <a href="http://www.loc.gov/catdir/toc/cam031/2003041953.html">http://www.loc.gov/catdir/toc/cam031/2003041953.html</a>
856 42 - ELECTRONIC LOCATION AND ACCESS
Materials specified Publisher description
Uniform Resource Identifier <a href="http://www.loc.gov/catdir/description/cam032/2003041953.html">http://www.loc.gov/catdir/description/cam032/2003041953.html</a>
906 ## - LOCAL DATA ELEMENT F, LDF (RLIN)
a 7
b cbc
c orignew
d 1
e ocip
f 20
g y-gencatlg
942 ## - ADDED ENTRY ELEMENTS (KOHA)
Source of classification or shelving scheme Dewey Decimal Classification
Koha item type Open Shelf

No items available.